00349nam a2200145Ia 450000100060000000800410000602000180004704000130006508200190007810000260009724500530012326000090017630000110018554600070019613733140402s9999 xx 000 0 und d a0-415-01066-7 cPK-LaUMT a 306.01bBEN-P aBenjamin, Andrew, Ed. 4aThe problems of modernitycBenjamin, Andrew, Ed. c1989 a220 p. aEN